Statistics for Random Peninsulas on the Map

Click here to take the quiz!

General Stats

  • This quiz has been taken 85 times
  • The average score is 4 of 5

Answers on the Map

Answers color-coded by a green-red scale on the quiz's map according to % correct below.
 

Answer Stats

Peninsula% Correct
Anatolia
100%
Arabia
100%
Baja California
100%
Balkans
100%
Florida
100%
Horn of Africa
100%
Iberia
100%
Indian Subcontinent
100%
Indochina
100%
Italian Peninsula
100%
Jutland
100%
Korean Peninsula
100%
Fennoscandia
88%
Kamchatka
75%
Yucatán Peninsula
75%
Brittany
71%
Crimea
67%
Cape York Peninsula
50%
Labrador Peninsula
50%
Sinai
50%

Score Distribution

Percentile by Number Answered

Percent of People with Each Score

Your Score History

You have not taken this quiz